000
00307nam a22001337a 4500
003
SGT
020
_a
978-93-84765-08-8
082
_a
614.7
_b
E17K
100
_a
KAUR, SIMRAT
245
_a
ENVIRONMENTAL HYGIENE AND COMMUNICATION SKILLS
260
_a
INDIA
_b
LOTUS
_c
2017
300
_a
180
942
_2
ddc
_c
BK
999
_c
16517
_d
16517